000 00771nam a2200217Ii 4500
003 JO-AjNU
008 230605s9999||||xx |||||||||||||| ||und||
020 _a1-85516-563-5
040 _aJO-AjNU
_bara
_erda
_cJO-AjNU
041 _aara
050 1 4 _aPJ7631.O32 2006
100 3 _aتأليف المتنبي,
_eauthor
_933716
245 0 0 _aالكتاب أمس المكان الآن: أدونيس مخطوطة تنسب إلى المتنبي يحققها وينشرها أدونيس، ج1
250 _aط2
264 3 1 _aبيروت:دار الساقي،2006
300 _aج1، 380ص
336 _atext
_btxt
_2rdacontent
337 _aunmediated
_bn
_2rdamedia
338 _avolume
_bnc
_2rdacarrier
650 4 _aأدونيس - المتنبي - مخطوطات
_933717
999 _aA13751
_c17319
_d17319